000 00825pam a2200277 a 4500
005 20260322212019.0
008 data
010 _a 90040981
020 _a0060907878 (pbk.) :
_c{dollar}22.50
020 _a0060108002
020 _a9780060108007
020 _a9780060907877 (pbk.) :
_c{dollar}22.50
040 _aDLC
_cDLC
_dDLC
050 0 0 _aCB69
_b.C62 1990
082 0 0 _a940
_220
092 _a901.9 C62 1990
100 1 _aClark, Kenneth,
_d1903-1983.
245 1 0 _aCivilisation :
_ba personal view /
_cKenneth Clark.
260 _aNew York :
_bHarperPerennial,
_c[1990?]
300 _axviii, 359 p. :
_bill. (some col.) ;
_c25 cm.
500 _aReprint. Originally published: New York : Harper & Row, 1970.
500 _aIncludes index.
650 0 _aCivilization
_xHistory.
650 0 _aArt
_xHistory.
001 data
999 _c422
_d422